000 00342nam a2200133Ia 4500
008 240624s9999 xx 000 0 und d
041 _aeng
082 _a338.910954 WOR
100 _aWORLD BANK
245 _aINDIA THE CHALLENGES OF DEVELOPMENT
260 _c2001
_aNew Delhi
_bWorld Bank
300 _axx, : 65 : p. : cm. ; 26
365 _c
_b30
999 _c5136
_d5136